<?xml version="1.0" encoding="UTF-8"?>
<collection xmlns:xsi="http://www.w3.org/2001/XMLSchema-instance" xsi:schemaLocation="http://www.loc.gov/MARC21/slim http://www.loc.gov/standards/marcxml/schema/MARC21slim.xsd" xmlns="http://www.loc.gov/MARC21/slim">
 <record>
  <leader>00000cmm a22000004i 4500</leader>
  <controlfield tag="001">UP-99796217611057281</controlfield>
  <controlfield tag="003">Buklod</controlfield>
  <controlfield tag="005">20250122104901.0</controlfield>
  <controlfield tag="006">m    go  j        </controlfield>
  <controlfield tag="007">cr |nu|||auu|a</controlfield>
  <controlfield tag="008">250122s2011    ne      o  j |      eng d</controlfield>
  <datafield tag="020" ind1=" " ind2=" ">
   <subfield code="a">978-90-481-9020-1 (eBook)</subfield>
  </datafield>
  <datafield tag="035" ind1=" " ind2=" ">
   <subfield code="a">(iLib)UPD-00210203820</subfield>
  </datafield>
  <datafield tag="040" ind1=" " ind2=" ">
   <subfield code="a">DMLR</subfield>
   <subfield code="e">rda</subfield>
  </datafield>
  <datafield tag="041" ind1=" " ind2=" ">
   <subfield code="a">eng</subfield>
  </datafield>
  <datafield tag="042" ind1=" " ind2=" ">
   <subfield code="a">DMLUC</subfield>
  </datafield>
  <datafield tag="084" ind1=" " ind2=" ">
   <subfield code="a">HV 6250.25</subfield>
   <subfield code="b">N49 2011eb</subfield>
  </datafield>
  <datafield tag="245" ind1="1" ind2="4">
   <subfield code="a">The new faces of victimhood</subfield>
   <subfield code="b">globalization, transnational crimes and victim rights</subfield>
   <subfield code="h">[electronic resource]</subfield>
   <subfield code="c">Rianne Letschert, Jan van Dijk, editors.</subfield>
  </datafield>
  <datafield tag="264" ind1=" " ind2="1">
   <subfield code="a">Dordrecht, Netherlands</subfield>
   <subfield code="b">Springer Netherlands</subfield>
   <subfield code="c">2011.</subfield>
  </datafield>
  <datafield tag="300" ind1=" " ind2=" ">
   <subfield code="a">1 online resource (xiv, 343 pages)</subfield>
   <subfield code="b">illustrations.</subfield>
  </datafield>
  <datafield tag="336" ind1=" " ind2=" ">
   <subfield code="a">text</subfield>
   <subfield code="2">rdacontent</subfield>
  </datafield>
  <datafield tag="337" ind1=" " ind2=" ">
   <subfield code="a">computer</subfield>
   <subfield code="2">rdamedia</subfield>
  </datafield>
  <datafield tag="338" ind1=" " ind2=" ">
   <subfield code="a">online resource</subfield>
   <subfield code="2">rdacarrier</subfield>
  </datafield>
  <datafield tag="505" ind1="0" ind2=" ">
   <subfield code="a">Preface--Information on the authors--Part I Introductions and overviews--Chapter 1 New faces of victimhood; Reflections on the unjust sides of globalization; Rianne Letschert and Jan Van Dijk--Chapter 2 Global governance and global crime? Do victims fall in between?; Rianne Letschert and Marc Groenhuijsen--Chapter 3 Human security and the emergence of a global conscience; Ralf Bodelier--Part II Victims of transnational crimes--Chapter 4 Trafficking for sexual purposes as a globalized shadow economy;Human security as the tool to facilitate a human rights based approach; Conny Rijken and Renée Römkens--Chapter 5 Transnational organized crime, civil society and victim empowerment; Jan Van Dijk--Chapter 6 Victims of environmental pollution in the slipstream of globalization; Jonathan Verschuuren and Steve Kuchta--Part III Victim protection in cyberspace--Chapter 7 The challenge of identity theft in multi-level governance; towards a coordinated action plan for protecting and empowering victims; Nicole van der Meulen and Bert-Jaap Koops--Chapter 8 International (cyber)stalking; impediments to investigation and prosecution; Suzan van der Aa--Chapter 9 Digital tools: risks and opportunities for victims; explorations in e-victimology; Corien Prins--Part IV Victims of conflicts and wars--Chapter 10 Al Qaeda and vicarious victims; Some victimological insights into globalized terrorism; Antony Pemberton--Chapter 11 Protecting the victims of the privatization of war; Willem Van Genugten, Marie-Jose Van der Heijden and Nicola Jägers--Chapter 12 Globalization and victims? Rights at the international criminal court; Jo-Anne Wemmers and Anne-Marie de Brouwer--Part V Conclusion--Chapter 13 Reconstructing victim-centered justice on a global scale; Jan van Dijk and Rianne Letschert--Bibliography--Inde</subfield>
  </datafield>
  <datafield tag="506" ind1=" " ind2=" ">
   <subfield code="a">IP-based subscription, access limited to within on campus computer network.</subfield>
   <subfield code="c">Access via Electronic resources of the UPD University Library Websit</subfield>
  </datafield>
  <datafield tag="533" ind1=" " ind2=" ">
   <subfield code="a">Electronic reproduction.</subfield>
   <subfield code="b">New York</subfield>
   <subfield code="c">Springerlink</subfield>
   <subfield code="d">©2011.</subfield>
   <subfield code="n">Available via World Wide Web through SpringerLin</subfield>
  </datafield>
  <datafield tag="650" ind1=" " ind2="0">
   <subfield code="a">Victims of crimes.</subfield>
  </datafield>
  <datafield tag="650" ind1=" " ind2="0">
   <subfield code="a">Victims of crimes</subfield>
   <subfield code="x">Legal status, laws, etc.</subfield>
  </datafield>
  <datafield tag="650" ind1=" " ind2="0">
   <subfield code="a">Victims of crimes</subfield>
   <subfield code="x">Services for.</subfield>
  </datafield>
  <datafield tag="650" ind1=" " ind2="0">
   <subfield code="a">Human security.</subfield>
  </datafield>
  <datafield tag="650" ind1=" " ind2="0">
   <subfield code="a">Transnational crime.</subfield>
  </datafield>
  <datafield tag="700" ind1="1" ind2=" ">
   <subfield code="a">Letschert, Rianne </subfield>
   <subfield code="e">editor.</subfield>
  </datafield>
  <datafield tag="700" ind1="1" ind2=" ">
   <subfield code="a">Dijk, Jan van</subfield>
   <subfield code="e">editor.</subfield>
  </datafield>
  <datafield tag="710" ind1="2" ind2=" ">
   <subfield code="a">SpringerLink (Online Service).</subfield>
  </datafield>
  <datafield tag="842" ind1=" " ind2=" ">
   <subfield code="a">Electronic Resource</subfield>
  </datafield>
  <datafield tag="856" ind1="4" ind2="0">
   <subfield code="y">Available for UP System via Springer Link.</subfield>
   <subfield code="u">https://doi.org/10.1007/978-90-481-9020-1</subfield>
  </datafield>
  <datafield tag="905" ind1=" " ind2=" ">
   <subfield code="a">FO</subfield>
  </datafield>
  <datafield tag="852" ind1="0" ind2=" ">
   <subfield code="a">UPD</subfield>
   <subfield code="b">DMLR</subfield>
   <subfield code="h">HV 6250.25</subfield>
   <subfield code="i">N49 2011eb</subfield>
  </datafield>
  <datafield tag="942" ind1=" " ind2=" ">
   <subfield code="a">Electronic Resource</subfield>
  </datafield>
 </record>
</collection>
